Manufacture and use of textile auxiliaries and chemicals (Record no. 24656)

MARC details
000 -LEADER
fixed length control field 00278nam a2200109Ia 4500
082 ## - DEWEY DECIMAL CLASSIFICATION NUMBER
Classification number 677
Item number GOE
100 ## - MAIN ENTRY--AUTHOR NAME
Personal name Goel, R K
245 #0 - TITLE STATEMENT
Title Manufacture and use of textile auxiliaries and chemicals
260 ## - PUBLICATION, DISTRIBUTION, ETC. (IMPRINT)
Place of publication Delhi
Name of publisher SBP
942 ## - ADDED ENTRY ELEMENTS (KOHA)
Koha item type Books
Holdings
Withdrawn status Lost status Damaged status Not for loan Home library Current library Date acquired Cost, normal purchase price Full call number Accession Number Koha item type
        RRII Library RRII Library 16/12/2021 40.00 677 GOE 05330 Books